000 00760nam a2200241Ia 4500
003 OSt
005 20220925185916.0
006 a|||||r|||| 00| 0
007 ta
008 220923b |||||||| |||| 00| 0 eng d
037 _cGeneral Book
040 _aRTL
_cRTL
_beng
041 _2eng
_aeng
082 _aX413:(Z,312).73.N6, K9
100 _aPhelps Clyde William
_9236329
245 0 _arole of fleet leasing in motor vehicle fleet plans of bussiness firm
260 _aBaltimore
_bCommercial Credit
_c1969
300 _ax, 99p.
_ccm.
490 _aStudies in Commercial Financing. 4
650 _aRoad Transport Economics
942 _hX413:(Z,312).73.N6, K9
_cGB
_2CC
999 _c512623
_d512623